书目信息 |
| 题名: |
失序与平衡
|
|
| 作者: | 朱鸿军 著 | |
| 分册: | ||
| 出版信息: | 北京 中国社会科学出版社 2020.11 |
|
| 页数: | 298页 | |
| 开本: | 24cm | |
| 丛书名: | ||
| 单 册: | ||
| 中图分类: | D923.414 | |
| 科图分类: | ||
| 主题词: | 版权--ban quan--研究--中国 | |
| 电子资源: | ||
| ISBN: | 978-7-5203-2277-5 | |
| 000 | 01581nam0 2200289 450 | |
| 001 | 202021192930 | |
| 005 | 20211025120124.0 | |
| 010 | @a978-7-5203-2277-5@dCNY79.00 | |
| 100 | @a20210927d2020 em y0chiy50 ea | |
| 101 | 0 | @achi |
| 102 | @aCN@b110000 | |
| 105 | @aa a 000yy | |
| 106 | @ar | |
| 200 | 1 | @a失序与平衡@Ashi xu yu ping heng@e媒体融合中的版权制度@f朱鸿军著 |
| 205 | @a修订本 | |
| 210 | @a北京@c中国社会科学出版社@d2020.11 | |
| 215 | @a298页@c图@d24cm | |
| 300 | @a国家社会科学基金重大项目“媒体融合中的版权理论与运营研究”的阶段性成果 | |
| 314 | @a朱鸿军, 中国社会科学院新闻与传播研究所研究员, 《新闻与传播研究》执行主编, 中国社会科学院新媒体研究中心副秘书长。 | |
| 320 | @a有书目 (第285-295页) | |
| 330 | @a人类信息传播技术的每次重大革新都会引发版权制度的剧烈变革。自20世纪90年代中期起延续至今的我国这场媒体融合, 现已成为一种强烈国家意志行为。这场媒体融合中计算机网络技术为代表的新兴媒体技术是根本驱动力。与传统媒体技术相比, 新兴媒体技术有着质性的不同, 这自然会触发主体基于传统媒体技术特性而设计的现有版权制度的剧烈变革从而引发媒体融合环境中版权的大面积失序。大量的证据显示, 目前版权问题已严重制约到媒体融合的发展。然而, 研究也表明, 借助优化我国融媒环境中的版权法律制度、版权行政管理制度、版权社会服务制度和版权私力救济制度等能将失序的版权重新趋向平衡, 从而为媒体融合的顺利推行提供正向力量。 | |
| 517 | 1 | @a媒体融合中的版权制度@Amei ti rong he zhong de ban quan zhi du |
| 606 | 0 | @a版权@Aban quan@x研究@y中国 |
| 690 | @aD923.414@v5 | |
| 701 | 0 | @a朱鸿军@Azhu hong jun@4著 |
| 801 | 0 | @aCN@c20210909 |
| 905 | @a河南城建学院图书馆@dD923.414@eZ842 | |
| 失序与平衡:媒体融合中的版权制度/朱鸿军著.-修订本.-北京:中国社会科学出版社,2020.11 |
| 298页:图;24cm |
| 国家社会科学基金重大项目“媒体融合中的版权理论与运营研究”的阶段性成果 |
| ISBN 978-7-5203-2277-5:CNY79.00 |
| 人类信息传播技术的每次重大革新都会引发版权制度的剧烈变革。自20世纪90年代中期起延续至今的我国这场媒体融合, 现已成为一种强烈国家意志行为。这场媒体融合中计算机网络技术为代表的新兴媒体技术是根本驱动力。与传统媒体技术相比, 新兴媒体技术有着质性的不同, 这自然会触发主体基于传统媒体技术特性而设计的现有版权制度的剧烈变革从而引发媒体融合环境中版权的大面积失序。大量的证据显示, 目前版权问题已严重制约到媒体融合的发展。然而, 研究也表明, 借助优化我国融媒环境中的版权法律制度、版权行政管理制度、版权社会服务制度和版权私力救济制度等能将失序的版权重新趋向平衡, 从而为媒体融合的顺利推行提供正向力量。 |
| ● |
| 相关链接 |
|
|
|
正题名:失序与平衡
索取号:D923.414/Z842
 
预约/预借
| 序号 | 登录号 | 条形码 | 馆藏地/架位号 | 状态 | 备注 |
| 1 | 1539961 | 215399619 | 社科库509/509社科库 92排6列4层/ [索取号:D923.414/Z842] | 在馆 | |
| 2 | 1539962 | 215399628 | 社科库509/509社科库 92排6列4层/ [索取号:D923.414/Z842] | 在馆 |